[Event "Villa Constitucion op 5th"]
[Site "Villa Constitucion"]
[Date "2023.08.17"]
[Round "1"]
[White "Obregon, Carlos Andres"]
[Black "Santiso, Daniel"]
[Result "1-0"]
[WhiteElo "2506"]
[BlackElo "1831"]
[PlyCount "149"]
[EventDate "2023.08.17"]
[EventType "swiss"]
[EventRounds "9"]
[EventCountry "ARG"]
[SourceTitle "CBM 216 Extra"]
[Source "ChessBase"]
[SourceDate "2023.11.30"]
[SourceVersion "1"]
[SourceVersionDate "2023.11.30"]
[SourceQuality "1"]

1. c4 e5 2. Nc3 Nc6 3. g3 f5 4. Bg2 Nf6 5. d3 Bc5 6. Nf3 d6 7. 0-0 0-0 8. a3 a6 9. b4 Ba7 10. e3 Qe8 11. Bb2 Qh5 12. Nd5 Nxd5 13. cxd5 Ne7 14. Rc1 Bb6 15. Rc4 Ng6 16. a4 a5 17. bxa5 Bxa5 18. Nd2 Qxd1 19. Rxd1 Bd7 20. Nb3 b5 21. axb5 Bb6 22. Rb4 f4 23. exf4 exf4 24. Bd4 fxg3 25. hxg3 Ra2 26. Bxb6 cxb6 27. Rd2 Rfa8 28. Rxa2 Rxa2 29. Nd4 Ra1+ 30. Kh2 Ne5 31. f3 Nxd3 32. Rb3 Ne1 33. Bf1 Rd1 34. Nc6 Kf8 35. Kg1 Rxd5 36. Kf2 Nc2 37. Bd3 Nd4 38. Nxd4 Rxd4 39. Bxh7 Rd5 40. Bd3 Ke7 41. Ke3 Rc5 42. Kd4 Bf5 43. Be2 Rc2 44. Re3+ Kd7 45. Bc4 Rd2+ 46. Kc3 Rd1 47. g4 d5 48. gxf5 dxc4 49. Kxc4 Rc1+ 50. Rc3 Rb1 51. Rd3+ Ke7 52. Re3+ Kd7 53. Re6 Rc1+ 54. Kd3 Rc5 55. Rxb6 Rxf5 56. Ke4 g6 57. Ke3 Kc7 58. Rxg6 Rxb5 59. Re6 Kd7 60. Re4 Kd6 61. Kf4 Rb8 62. Kg5 Rg8+ 63. Kh6 Kd5 64. Re3 Rg3 65. Kh5 Rg1 66. f4 Kd6 67. f5 Kd7 68. f6 Kd8 69. f7 Rh1+ 70. Kg6 Rg1+ 71. Kh7 Rh1+ 72. Kg8 Rg1+ 73. Kf8 Rf1 74. Rd3+ Kc7 75. Rd4 1-0

[Event "Arica op 8th"]
[Site "Arica"]
[Date "2022.12.21"]
[Round "9"]
[White "Mareco, Sandro"]
[Black "Obregon, Carlos Andres"]
[Result "1/2-1/2"]
[WhiteElo "2619"]
[BlackElo "2508"]
[PlyCount "41"]
[EventDate "2022.12.16"]
[EventType "swiss"]
[EventRounds "10"]
[EventCountry "CHI"]
[SourceTitle "CBM 212 Extra"]
[Source "ChessBase"]
[SourceDate "2023.03.31"]
[SourceVersion "1"]
[SourceVersionDate "2023.03.31"]
[SourceQuality "1"]

1. d4 d5 2. c4 c6 3. Nf3 Nf6 4. Nc3 e6 5. g3 Nbd7 6. Bg2 Be7 7. 0-0 0-0 8. Qd3 b6 9. e4 Bb7 10. cxd5 cxd5 11. e5 Ne4 12. Ne2 Qc8 13. Qd1 h6 14. Ne1 f6 15. f3 Ng5 16. exf6 Bxf6 17. Be3 e5 18. Rc1 Qe8 19. Nc3 exd4 20. Bxd4 Bxd4+ 21. Qxd4 1/2-1/2

[Event "Chess.com Rapid Wk16 Swiss"]
[Site "Chess.com INT"]
[Date "2022.05.28"]
[Round "6"]
[White "Obregon, Carlos Andres"]
[Black "Bortnyk, Olexandr"]
[Result "0-1"]
[WhiteElo "2503"]
[BlackElo "2604"]
[PlyCount "72"]
[EventDate "2022.05.28"]
[EventType "swiss (rapid)"]
[EventRounds "9"]
[EventCountry "USA"]
[SourceTitle "CBM 208 Extra"]
[Source "ChessBase"]
[SourceDate "2022.07.31"]
[SourceVersion "1"]
[SourceVersionDate "2022.07.31"]
[SourceQuality "1"]

1. c4 d6 2. Nc3 e5 3. g3 g6 4. Bg2 Bg7 5. d3 Nc6 6. e4 f5 7. Nge2 Nf6 8. Nd5 0-0 9. 0-0 fxe4 10. dxe4 Bg4 11. f3 Be6 12. Be3 Qd7 13. Qd2 Rf7 14. b4 Raf8 15. a4 a6 16. b5 Ne7 17. Qd3 h6 18. Nec3 g5 19. Nxe7+ Qxe7 20. Nd5 Qd7 21. Rad1 axb5 22. axb5 b6 23. Ra1 g4 24. f4 Bxd5 25. exd5 exf4 26. Rxf4 Qe7 27. Bd4 Nd7 28. Rxg4 Ne5 29. Bxe5 Qxe5 30. Rd1 Rf2 31. Qg6 R8f7 32. Re4 Qb2 33. Bh3 Rf8 34. Re7 Kh8 35. Bf1 Rxf1+ 36. Rxf1 Bd4+ 0-1

[Event "Chess.com Rapid Wk16 Swiss"]
[Site "Chess.com INT"]
[Date "2022.05.28"]
[Round "3"]
[White "Obregon, Carlos Andres"]
[Black "Priasmoro, Novendra"]
[Result "1-0"]
[WhiteElo "2503"]
[BlackElo "2501"]
[PlyCount "57"]
[EventDate "2022.05.28"]
[EventType "swiss (rapid)"]
[EventRounds "9"]
[EventCountry "USA"]
[SourceTitle "CBM 208 Extra"]
[Source "ChessBase"]
[SourceDate "2022.07.31"]
[SourceVersion "1"]
[SourceVersionDate "2022.07.31"]
[SourceQuality "1"]

1. c4 Nf6 2. Nc3 g6 3. g3 Bg7 4. Bg2 0-0 5. e4 d6 6. Nge2 c5 7. 0-0 Nc6 8. d3 a6 9. h3 Rb8 10. a4 Ne8 11. Be3 Nc7 12. d4 cxd4 13. Nxd4 Ne6 14. Nde2 Bd7 15. Rb1 Na5 16. b3 b5 17. axb5 axb5 18. cxb5 Bxb5 19. Nxb5 Rxb5 20. Qd3 Qb8 21. b4 Rxb4 22. Bd2 Rb3 23. Qc2 Rc8 24. Qa2 Qb5 25. Bxa5 Rb2 26. Rxb2 Bxb2 27. Rb1 Rc2 28. Bf1 Qe5 29. Qb3 1-0

[Event "Titled Tuesday intern op 28th Dec"]
[Site "Chess.com INT"]
[Date "2021.12.28"]
[Round "2"]
[White "Obregon, Carlos Andres"]
[Black "Pastar, Slaven"]
[Result "0-1"]
[WhiteElo "2517"]
[BlackElo "2337"]
[PlyCount "82"]
[EventDate "2021.12.28"]
[EventType "swiss (blitz)"]
[EventRounds "11"]
[EventCountry "USA"]
[SourceTitle "CBM 206 Extra"]
[Source "ChessBase"]
[SourceDate "2022.03.31"]
[SourceVersion "1"]
[SourceVersionDate "2022.03.31"]
[SourceQuality "1"]

1. d4 b6 2. e4 Bb7 3. Bd3 Nf6 4. Qe2 e6 5. Nf3 d5 6. e5 Ne4 7. Nbd2 Nxd2 8. Bxd2 c5 9. c3 Be7 10. h4 a5 11. h5 h6 12. Rh3 Ba6 13. Rg3 Bxd3 14. Qxd3 Bf8 15. c4 Nc6 16. dxc5 bxc5 17. cxd5 Qxd5 18. Qe2 Nd4 19. Nxd4 cxd4 20. Rc1 Rd8 21. Kf1 d3 22. Qe1 Bb4 23. Bxb4 axb4 24. Qxb4 Qxe5 25. Re1 Qd6 26. Qd2 0-0 27. Ree3 Qa6 28. b3 Rd5 29. Kg1 Rfd8 30. Qc3 Rg5 31. Rxd3 Rxd3 32. Rxd3 Qxa2 33. Rd8+ Kh7 34. Qd3+ f5 35. Qd1 Qb2 36. Re8 Qe5 37. Qd8 Qe1+ 38. Kh2 Rxh5+ 39. Kg3 Qe5+ 40. Kf3 Qe4+ 41. Kg3 Qg4# 0-1

[Event "ARG-ch 95th"]
[Site "Villa Martelli"]
[Date "2021.12.15"]
[Round "10"]
[White "Obregon, Carlos Andres"]
[Black "Slipak, Sergio"]
[Result "1-0"]
[WhiteElo "2517"]
[BlackElo "2397"]
[PlyCount "81"]
[EventDate "2021.12.06"]
[EventType "tourn"]
[EventRounds "11"]
[EventCountry "ARG"]
[EventCategory "10"]
[SourceTitle "CBM 205 Extra"]
[Source "ChessBase"]
[SourceDate "2022.01.31"]
[SourceVersion "1"]
[SourceVersionDate "2022.01.31"]
[SourceQuality "1"]

1. e4 e5 2. Nf3 Nc6 3. Bb5 Nf6 4. d3 d6 5. c3 Bd7 6. 0-0 g6 7. Re1 Bg7 8. Nbd2 0-0 9. Nf1 Nh5 10. h3 h6 11. a4 a6 12. Bc4 Qf6 13. Ne3 Nf4 14. Ng4 Bxg4 15. hxg4 Rad8 16. g3 Ne6 17. b4 Ne7 18. Bd2 c6 19. Bb3 g5 20. a5 Ng6 21. Be3 d5 22. Bb6 Rd7 23. Rc1 d4 24. cxd4 exd4 25. e5 Qe7 26. Qd2 Re8 27. Re4 Bf8 28. Rb1 Rc8 29. Qa2 c5 30. bxc5 Rc6 31. Bd5 Bg7 32. Bxc6 bxc6 33. Qc4 Rd5 34. Qxa6 Qd7 35. Qa8+ Kh7 36. a6 Bxe5 37. Nxe5 Nxe5 38. Qb7 Nf3+ 39. Kg2 Nd2 40. Qxd7 Rxd7 41. Rxe6 1-0

[Event "ARG-ch 95th"]
[Site "Villa Martelli"]
[Date "2021.12.11"]
[Round "6"]
[White "Obregon, Carlos Andres"]
[Black "Krysa, Leandro Sergio"]
[Result "0-1"]
[WhiteElo "2517"]
[BlackElo "2516"]
[PlyCount "56"]
[EventDate "2021.12.06"]
[EventType "tourn"]
[EventRounds "11"]
[EventCountry "ARG"]
[EventCategory "10"]
[SourceTitle "CBM 205 Extra"]
[Source "ChessBase"]
[SourceDate "2022.01.31"]
[SourceVersion "1"]
[SourceVersionDate "2022.01.31"]
[SourceQuality "1"]

1. e4 c6 2. Nf3 d5 3. d3 Qc7 4. exd5 cxd5 5. c4 Nf6 6. Nc3 e6 7. g3 Bb4 8. Bf4 Bxc3+ 9. bxc3 Qa5 10. cxd5 Qxc3+ 11. Bd2 Qa3 12. dxe6 Bxe6 13. Qb1 Nc6 14. Bg2 0-0 15. 0-0 Bd5 16. Bg5 Qd6 17. Qb2 Rfe8 18. Rfd1 b6 19. Rd2 Re6 20. Rad1 Rae8 21. Be3 Qe7 22. Bf4 Qb7 23. Nh4 h6 24. Bxd5 Nxd5 25. Ng2 Nxf4 26. gxf4 Ne7 27. d4 Rg6 28. d5 Nxd5 0-1

[Event "ARG-ch 95th"]
[Site "Villa Martelli"]
[Date "2021.12.09"]
[Round "4"]
[White "Obregon, Carlos Andres"]
[Black "Perez Ponsa, Federico"]
[Result "1/2-1/2"]
[WhiteElo "2517"]
[BlackElo "2561"]
[PlyCount "67"]
[EventDate "2021.12.06"]
[EventType "tourn"]
[EventRounds "11"]
[EventCountry "ARG"]
[EventCategory "10"]
[SourceTitle "CBM 205 Extra"]
[Source "ChessBase"]
[SourceDate "2022.01.31"]
[SourceVersion "1"]
[SourceVersionDate "2022.01.31"]
[SourceQuality "1"]

1. d4 Nf6 2. Bg5 c5 3. d5 Ne4 4. h4 Qb6 5. Nd2 Nxg5 6. hxg5 g6 7. e4 d6 8. Ngf3 Nd7 9. Nc4 Qc7 10. a4 Bg7 11. c3 b6 12. Bd3 a6 13. Qe2 Bb7 14. Nfd2 h6 15. Qe3 hxg5 16. Rxh8+ Bxh8 17. Qxg5 Bf6 18. Qe3 b5 19. axb5 axb5 20. Rxa8+ Bxa8 21. Na3 b4 22. cxb4 cxb4 23. Nac4 Kf8 24. Be2 Nc5 25. f4 Bg7 26. Bf3 Bb7 27. Kf2 Ba6 28. Be2 Nd7 29. g4 Qc5 30. Qxc5 Nxc5 31. Ke3 Na4 32. b3 Nc5 33. g5 Bc3 34. Bd1 1/2-1/2

[Event "Titled Tuesday intern op 09th Nov"]
[Site "Chess.com INT"]
[Date "2021.11.09"]
[Round "1"]
[White "Berezin, Viktor1"]
[Black "Obregon, Carlos Andres"]
[Result "0-1"]
[WhiteElo "2307"]
[BlackElo "2525"]
[PlyCount "72"]
[EventDate "2021.11.09"]
[EventType "swiss (blitz)"]
[EventRounds "11"]
[EventCountry "USA"]
[SourceTitle "CBM 205 Extra"]
[Source "ChessBase"]
[SourceDate "2022.01.31"]
[SourceVersion "1"]
[SourceVersionDate "2022.01.31"]
[SourceQuality "1"]

1. d4 Nf6 2. Nf3 c5 3. d5 b5 4. c4 g6 5. g3 Bg7 6. Bg2 d6 7. 0-0 bxc4 8. Nfd2 0-0 9. Nc3 Ba6 10. Qa4 Qb6 11. Nxc4 Qb4 12. Na5 Nfd7 13. Nc6 Nxc6 14. Qxa6 Nce5 15. Qa4 Nb6 16. Qxb4 cxb4 17. Nb5 Rfc8 18. Nd4 Rc5 19. Nc6 Nxc6 20. dxc6 Rc8 21. Bd2 Bxb2 22. Rab1 Bc3 23. Be3 R5xc6 24. Bxc6 Rxc6 25. Rfc1 Nc4 26. Bxa7 e5 27. e4 f5 28. f3 Ra6 29. Bf2 Nd2 30. Rb3 Nxf3+ 31. Kg2 Nd2 32. Rbxc3 bxc3 33. exf5 Rxa2 34. Rxc3 Ne4 35. Rc8+ Kf7 36. f6 Rxf2+ 0-1

[Event "Titled Tuesday intern op 09th Nov"]
[Site "Chess.com INT"]
[Date "2021.11.09"]
[Round "6"]
[White "Siva, Mahadevan"]
[Black "Obregon, Carlos Andres"]
[Result "1-0"]
[WhiteElo "2349"]
[BlackElo "2525"]
[PlyCount "61"]
[EventDate "2021.11.09"]
[EventType "swiss (blitz)"]
[EventRounds "11"]
[EventCountry "USA"]
[SourceTitle "CBM 205 Extra"]
[Source "ChessBase"]
[SourceDate "2022.01.31"]
[SourceVersion "1"]
[SourceVersionDate "2022.01.31"]
[SourceQuality "1"]

1. e4 c5 2. Nf3 e6 3. d4 cxd4 4. Nxd4 Nc6 5. Nc3 Nf6 6. Ndb5 d6 7. Bf4 e5 8. Bg5 a6 9. Na3 b5 10. Nd5 Qa5+ 11. Bd2 Qd8 12. Bg5 Qa5+ 13. Bd2 Qd8 14. c4 Nxe4 15. cxb5 Be6 16. Bc4 Ne7 17. 0-0 Rc8 18. Nxe7 Bxe7 19. Bxe6 fxe6 20. Be3 d5 21. bxa6 0-0 22. Qg4 Qd6 23. a7 Nf6 24. Qa4 e4 25. Nb5 Qd7 26. Rac1 Ng4 27. Rxc8 Qxc8 28. Rc1 Qd8 29. Nc7 Bd6 30. a8Q Bxh2+ 31. Kh1 1-0

[Event "Villa Martelli ProAm op 28th"]
[Site "Villa Martelli"]
[Date "2021.11.07"]
[Round "5"]
[White "Miranda, Rafael"]
[Black "Obregon, Carlos Andres"]
[Result "0-1"]
[WhiteElo "2248"]
[BlackElo "2525"]
[PlyCount "62"]
[EventDate "2021.11.04"]
[EventType "swiss"]
[EventRounds "7"]
[EventCountry "ARG"]
[SourceTitle "CBM 205 Extra"]
[Source "ChessBase"]
[SourceDate "2022.01.31"]
[SourceVersion "1"]
[SourceVersionDate "2022.01.31"]
[SourceQuality "1"]

1. e4 c6 2. d4 d5 3. e5 c5 4. dxc5 e6 5. Bd3 Nc6 6. Nf3 Bxc5 7. 0-0 Nge7 8. Bf4 Ng6 9. Bg3 0-0 10. Nbd2 f6 11. exf6 Qxf6 12. c4 Bb6 13. cxd5 exd5 14. Qb3 Be6 15. Rae1 Kh8 16. Re2 Bg8 17. Bxg6 Qxg6 18. Ne5 Qh5 19. Ndf3 d4 20. Qd1 Bd5 21. Rd2 Rf5 22. Nxc6 Bxf3 23. gxf3 bxc6 24. Rd3 c5 25. Qb3 Re8 26. Kg2 Qg6 27. Rdd1 h5 28. h4 Rfe5 29. Rd2 Ba5 30. Rd3 Re2 31. Kh2 Rxb2 0-1

[Event "Titled Tuesday intern op 26th Oct"]
[Site "Chess.com INT"]
[Date "2021.10.26"]
[Round "10"]
[White "Atakhan, Abtin"]
[Black "Obregon, Carlos Andres"]
[Result "1-0"]
[WhiteElo "2319"]
[BlackElo "2525"]
[PlyCount "125"]
[EventDate "2021.10.26"]
[EventType "swiss (blitz)"]
[EventRounds "11"]
[EventCountry "USA"]
[SourceTitle "CBM 204 Extra"]
[Source "ChessBase"]
[SourceDate "2021.11.30"]
[SourceVersion "1"]
[SourceVersionDate "2021.11.30"]
[SourceQuality "1"]

1. e4 c5 2. Nf3 g6 3. c3 Bg7 4. d4 cxd4 5. cxd4 d5 6. e5 Bg4 7. Bb5+ Nc6 8. Bxc6+ bxc6 9. Nc3 Nh6 10. 0-0 Nf5 11. Be3 f6 12. exf6 Bxf6 13. h3 Bxf3 14. Qxf3 Nxd4 15. Bxd4 Bxd4 16. Rad1 Qb6 17. Qf4 Bf6 18. Qh6 Qxb2 19. Nb1 Kf7 20. Nd2 Qe5 21. Nf3 Qh5 22. Qc1 Rac8 23. Rfe1 Rhe8 24. Qc5 e5 25. Qxa7+ Re7 26. Qa6 Rcc7 27. a4 e4 28. Nd4 e3 29. fxe3 Rxe3 30. Qb6 Rce7 31. Rf1 Qg5 32. Qxc6 Rg3 33. Rxf6+ Qxf6 34. Rf1 Qxf1+ 35. Kxf1 Rd3 36. Qxd5+ Kf6 37. Qd6+ Kf7 38. Qd5+ Kf6 39. Qc6+ Kg7 40. Nf3 Ra3 41. Kf2 Ra2+ 42. Kg3 Ree2 43. Qc3+ Kh6 44. Qc1+ Kg7 45. Qc7+ Kh6 46. Qf4+ Kg7 47. Nh4 Ra3+ 48. Kh2 Raa2 49. a5 h6 50. Qd4+ Kf7 51. Qd7+ Kg8 52. a6 g5 53. a7 gxh4 54. a8Q+ Rxa8 55. Qd5+ Kg7 56. Qxa8 Re6 57. Qa4 Rg6 58. Qxh4 Rf6 59. Qd4 Kg6 60. g4 Kg7 61. Kg3 Kg6 62. h4 Rd6 63. Qxd6+ 1-0

[Event "Titled Tuesday intern op 26th Oct"]
[Site "Chess.com INT"]
[Date "2021.10.26"]
[Round "8"]
[White "Obregon, Carlos Andres"]
[Black "Rostovtsev, Dmitry"]
[Result "1-0"]
[WhiteElo "2525"]
[BlackElo "2188"]
[PlyCount "55"]
[EventDate "2021.10.26"]
[EventType "swiss (blitz)"]
[EventRounds "11"]
[EventCountry "USA"]
[SourceTitle "CBM 204 Extra"]
[Source "ChessBase"]
[SourceDate "2021.11.30"]
[SourceVersion "1"]
[SourceVersionDate "2021.11.30"]
[SourceQuality "1"]

1. c4 c6 2. Nf3 d5 3. cxd5 cxd5 4. d4 Nf6 5. Nc3 Nc6 6. Bf4 a6 7. Rc1 Bf5 8. Ne5 e6 9. e3 Nxe5 10. Bxe5 Bd6 11. Bxf6 gxf6 12. Bd3 Bg6 13. h4 Rc8 14. 0-0 Bxd3 15. Qxd3 f5 16. g3 Rg8 17. Nxd5 Rxc1 18. Rxc1 Bxg3 19. Nf6+ Qxf6 20. Rc8+ Kd7 21. Rxg8 Bd6 22. Qc2 Bc7 23. Qa4+ b5 24. Qxa6 Qxh4 25. Qxb5+ Ke7 26. Qb7 Qh2+ 27. Kf1 Qh1+ 28. Qxh1 1-0

[Event "Titled Tuesday intern op 19th Oct"]
[Site "Chess.com INT"]
[Date "2021.10.19"]
[Round "1"]
[White "Galego, Luis"]
[Black "Obregon, Carlos Andres"]
[Result "0-1"]
[WhiteElo "2485"]
[BlackElo "2525"]
[PlyCount "60"]
[EventDate "2021.10.19"]
[EventType "swiss (blitz)"]
[EventRounds "11"]
[EventCountry "USA"]
[SourceTitle "CBM 204 Extra"]
[Source "ChessBase"]
[SourceDate "2021.11.30"]
[SourceVersion "1"]
[SourceVersionDate "2021.11.30"]
[SourceQuality "1"]

1. e4 c6 2. Nc3 d5 3. Nf3 g6 4. exd5 cxd5 5. Bb5+ Nc6 6. Ne5 Bd7 7. Nxd7 Qxd7 8. 0-0 Bg7 9. Qf3 e6 10. Re1 Nge7 11. d3 a6 12. Ba4 b5 13. Bb3 Nd4 14. Qh3 h5 15. Bg5 Ndf5 16. Bxe7 Nxe7 17. a4 b4 18. Na2 Bxb2 19. Rab1 Bg7 20. Nxb4 Bc3 21. Na2 Bxe1 22. Rxe1 Rd8 23. Nc3 0-0 24. Ne2 e5 25. Qh4 Nf5 26. Qf6 Qd6 27. Qg5 Kg7 28. Nc3 f6 29. Qc1 Ne7 30. f4 Qc5+ 0-1

[Event "Titled Tuesday intern op 19th Oct"]
[Site "Chess.com INT"]
[Date "2021.10.19"]
[Round "2"]
[White "Obregon, Carlos Andres"]
[Black "Chernobay, Artem"]
[Result "1-0"]
[WhiteElo "2525"]
[BlackElo "2484"]
[PlyCount "67"]
[EventDate "2021.10.19"]
[EventType "swiss (blitz)"]
[EventRounds "11"]
[EventCountry "USA"]
[SourceTitle "CBM 204 Extra"]
[Source "ChessBase"]
[SourceDate "2021.11.30"]
[SourceVersion "1"]
[SourceVersionDate "2021.11.30"]
[SourceQuality "1"]

1. e4 c5 2. Nf3 d6 3. c3 Nf6 4. h3 e6 5. Bd3 Be7 6. Bc2 0-0 7. 0-0 a6 8. d4 cxd4 9. cxd4 b5 10. a3 Bb7 11. Nc3 Nc6 12. Bg5 h6 13. Bh4 Nh5 14. d5 exd5 15. exd5 Bxh4 16. dxc6 Bxc6 17. Nd4 Bxg2 18. Kxg2 Nf4+ 19. Kh2 Bf6 20. Qd2 Be5 21. Nf3 Qd7 22. Ng1 Nxh3+ 23. f4 Nxf4 24. Rxf4 Qg4 25. Raf1 g5 26. Nd5 gxf4 27. Nf3 Qg3+ 28. Kh1 Kh8 29. Rf2 Rac8 30. Qd3 f5 31. Rg2 Qh3+ 32. Rh2 Qg3 33. Ne7 Kg7 34. Rg2 1-0

[Event "Titled Tuesday intern op 19th Oct"]
[Site "Chess.com INT"]
[Date "2021.10.19"]
[Round "11"]
[White "Obregon, Carlos Andres"]
[Black "Seul, Georg"]
[Result "1-0"]
[WhiteElo "2525"]
[BlackElo "2374"]
[PlyCount "51"]
[EventDate "2021.10.19"]
[EventType "swiss (blitz)"]
[EventRounds "11"]
[EventCountry "USA"]
[SourceTitle "CBM 204 Extra"]
[Source "ChessBase"]
[SourceDate "2021.11.30"]
[SourceVersion "1"]
[SourceVersionDate "2021.11.30"]
[SourceQuality "1"]

1. d4 Nf6 2. Bf4 e6 3. e3 Be7 4. Nf3 b6 5. Bd3 Bb7 6. Nbd2 d6 7. h3 Nbd7 8. Qe2 a6 9. 0-0 0-0 10. Bh2 Re8 11. e4 Nf8 12. e5 Nd5 13. c4 Nb4 14. Bb1 c5 15. dxc5 bxc5 16. Ne4 d5 17. Rd1 dxe4 18. Rxd8 exf3 19. Rxa8 fxe2 20. Bxh7+ Kxh7 21. Rxe8 Nd3 22. Rxe7 Be4 23. Rxf7 Ng6 24. f3 Bc6 25. Rc7 Be8 26. Bg3 1-0

[Event "Titled Tuesday intern op 12th Oct"]
[Site "Chess.com INT"]
[Date "2021.10.12"]
[Round "7"]
[White "Anuj, Shrivatri"]
[Black "Obregon, Carlos Andres"]
[Result "0-1"]
[WhiteElo "2350"]
[BlackElo "2525"]
[PlyCount "56"]
[EventDate "2021.10.12"]
[EventType "swiss (blitz)"]
[EventRounds "11"]
[EventCountry "USA"]
[SourceTitle "EXT 2023"]
[Source "ChessBase"]
[SourceDate "2022.10.05"]
[SourceVersion "1"]
[SourceVersionDate "2022.10.05"]
[SourceQuality "1"]

1. e4 e6 2. d4 d5 3. e5 c5 4. c3 Nc6 5. Nf3 Qb6 6. Bd3 Bd7 7. 0-0 cxd4 8. Nbd2 Nge7 9. Re1 Nf5 10. Nf1 dxc3 11. bxc3 Bc5 12. Qe2 0-0 13. h4 f6 14. exf6 Rxf6 15. Bg5 Rf7 16. Bxf5 Rxf5 17. Ng3 Rf7 18. Rab1 Qc7 19. Be3 Bd6 20. Nf1 Raf8 21. Ng5 Rf6 22. g3 h6 23. Nh3 e5 24. Kg2 Bf5 25. Ng1 Bxb1 26. Rxb1 d4 27. cxd4 exd4 28. Qc4+ Qf7 0-1

[Event "Titled Tuesday intern op 12th Oct"]
[Site "Chess.com INT"]
[Date "2021.10.12"]
[Round "6"]
[White "Obregon, Carlos Andres"]
[Black "Avila Pavas, Santiago"]
[Result "1-0"]
[WhiteElo "2525"]
[BlackElo "2412"]
[PlyCount "49"]
[EventDate "2021.10.12"]
[EventType "swiss (blitz)"]
[EventRounds "11"]
[EventCountry "USA"]
[SourceTitle "EXT 2023"]
[Source "ChessBase"]
[SourceDate "2022.10.05"]
[SourceVersion "1"]
[SourceVersionDate "2022.10.05"]
[SourceQuality "1"]

1. d4 Nf6 2. c4 c5 3. Nf3 cxd4 4. Nxd4 Nc6 5. Nc3 g6 6. e4 d6 7. Nc2 Bg7 8. Be2 Nd7 9. Bd2 0-0 10. 0-0 Nc5 11. b4 Ne6 12. Rc1 Bd7 13. Nd5 Ned4 14. Nxd4 Nxd4 15. Bg5 Re8 16. Bd3 h6 17. Bh4 Bc6 18. Qd2 Qd7 19. f4 a5 20. f5 Bxd5 21. cxd5 g5 22. Bf2 axb4 23. Qxb4 Ra4 24. Qb6 Ra6 25. Bxa6 1-0

[Event "Titled Tuesday intern op 12th Oct"]
[Site "Chess.com INT"]
[Date "2021.10.12"]
[Round "9"]
[White "Obregon, Carlos Andres"]
[Black "Viani, Antonio Dcunha"]
[Result "1/2-1/2"]
[WhiteElo "2525"]
[BlackElo "2397"]
[PlyCount "73"]
[EventDate "2021.10.12"]
[EventType "swiss (blitz)"]
[EventRounds "11"]
[EventCountry "USA"]
[SourceTitle "EXT 2023"]
[Source "ChessBase"]
[SourceDate "2022.10.05"]
[SourceVersion "1"]
[SourceVersionDate "2022.10.05"]
[SourceQuality "1"]

1. d4 Nf6 2. Bf4 g6 3. Nf3 Bg7 4. e3 0-0 5. Be2 d6 6. h3 b6 7. 0-0 Bb7 8. c4 Nbd7 9. Nc3 Ne4 10. Nxe4 Bxe4 11. Nd2 Bb7 12. Bf3 Bxf3 13. Nxf3 e5 14. Bh2 e4 15. Nd2 f5 16. Qc2 Nf6 17. c5 dxc5 18. dxc5 Qd5 19. Nb3 Qf7 20. Rfd1 Rfd8 21. Nd4 Rd5 22. cxb6 cxb6 23. b4 Rad8 24. a4 Nh5 25. Nc6 Rxd1+ 26. Rxd1 Rxd1+ 27. Qxd1 f4 28. Bxf4 Nxf4 29. exf4 Qxf4 30. Qd5+ Kh8 31. Qd8+ Bf8 32. Qe8 Qc1+ 33. Kh2 Qf4+ 34. Kh1 Qc1+ 35. Kh2 Qf4+ 36. Kg1 Qc1+ 37. Kh2 1/2-1/2